| 000 | 00398pab a2200145 454500 | ||
|---|---|---|---|
| 008 | 180718b1990 xxu||||| |||| 00| 0 eng d | ||
| 100 | _aChamlin, Mitchell B. | ||
| 245 | _aDeterminants of police expenditures in Chicago, 1904-1958 | ||
| 260 | _c1990 | ||
| 300 | _a485-94 | ||
| 362 | _aSummer | ||
| 650 | _aPolice - Finance - U.S.A. - Chicago | ||
| 773 | _aSociological Quarterly | ||
| 909 | _a15596 | ||
| 999 |
_c15596 _d15596 |
||